| Tag |
First Indicator |
Second Indicator |
Subfields |
| LEADER |
00000cam a2200000 a 4500 |
| 001 |
in00001403682 |
| 005 |
20151020053128.0 |
| 008 |
970410s1997 at a b 001 0 eng d |
| 010 |
|
|
|a 97138110
|
| 020 |
|
|
|a 1864480599
|
| 035 |
|
|
|a (OCoLC)36569649
|
| 035 |
|
|
|9 AHM7134AM
|
| 040 |
|
|
|a NN
|c DLC
|d TXA
|d UtOrBLW
|
| 042 |
|
|
|a lccopycat
|
| 043 |
|
|
|a u-at---
|
| 049 |
|
|
|a TXAM
|
| 050 |
0 |
0 |
|a HQ792.A85
|b K63 1997
|
| 082 |
0 |
0 |
|a 305.23/0994
|2 21
|
| 100 |
1 |
|
|a Kociumbas, Jan.
|
| 245 |
1 |
0 |
|a Australian childhood :
|b a history /
|c Jan Kociumbas.
|
| 264 |
|
1 |
|a St. Leonards, NSW :
|b Allen & Unwin,
|c 1997.
|
| 300 |
|
|
|a xvii, 276 pages :
|b illustrations ;
|c 22 cm.
|
| 336 |
|
|
|a text
|b txt
|2 rdacontent
|
| 337 |
|
|
|a unmediated
|b n
|2 rdamedia
|
| 338 |
|
|
|a volume
|b nc
|2 rdacarrier
|
| 490 |
1 |
|
|a Australian experience
|
| 504 |
|
|
|a Includes bibliographical references (pages 251-267) and index.
|
| 650 |
|
0 |
|a Children
|z Australia
|x History.
|
| 830 |
|
0 |
|a Australian experience.
|
| 999 |
|
|
|a MARS
|
| 999 |
f |
f |
|s 427c47e5-0c4f-3616-954f-131bca641d91
|i 49b05a46-5bce-3cd6-8fea-cd7c264ef88a
|t 0
|
| 952 |
f |
f |
|p ric
|a Texas A&M University
|b Rellis Campus
|c Joint Library Facility
|d Remote Storage
|t 0
|e HQ792.A85 K63 1997
|h Library of Congress classification
|i unmediated -- volume
|m A14822012884
|
| 998 |
f |
f |
|a HQ792.A85 K63 1997
|t 0
|l Remote Storage
|